Numerical Methods / (Record no. 29148)

000 -LEADER
fixed length control field 00516 a2200157 4500
020 ## - INTERNATIONAL STANDARD BOOK NUMBER
International Standard Book Number 0074633112
024 ## - OTHER STANDARD IDENTIFIER
Standard number or code 9780074633113
082 ## - DEWEY DECIMAL CLASSIFICATION NUMBER
Classification number 519
090 ## - LOCALLY ASSIGNED LC-TYPE CALL NUMBER (OCLC); LOCAL CALL NUMBER (RLIN)
-- 517
-- 517
100 ## - MAIN ENTRY--PERSONAL NAME
Personal name Balagurusamy, E.
245 ## - TITLE STATEMENT
Title Numerical Methods /
Statement of responsibility, etc. E. Balagurusamy
260 ## - PUBLICATION, DISTRIBUTION, ETC.
Place of publication, distribution, etc. New Delhi, India
Name of publisher, distributor, etc. Tata McGraw-Hill Publishing Limited
Date of publication, distribution, etc. 1999.
700 ## - ADDED ENTRY--PERSONAL NAME
Relator code Balagurusamy, E.
942 ## - ADDED ENTRY ELEMENTS (KOHA)
Institution code [OBSOLETE] SNS
Koha item type Book
Call number prefix 519 BAL
Holdings
Withdrawn status Lost status Damaged status Not for loan Permanent Location Current Location Date acquired Total Checkouts Full call number Barcode Date last seen Date last checked out Price effective from Koha item type
        School of Natural Sciences (SNS) School of Natural Sciences (SNS) 05/26/2016 1 519 BAL SNS0000825 08/30/2021 04/25/2019 05/26/2016 Book
© 2023 Central Library, National University of Sciences and Technology. All Rights Reserved.